[Event "open Liffré"]
[Site "EIG"]
[Date "2015.10.17"]
[Round "1.1"]
[White "Letonnelier, Jean-Pierre"]
[Black "Bailet, Pierre"]
[Result "0-1"]
[LiveChessVersion "1.4.6"]
[BlackElo "2515"]
[WhiteElo "1747"]

1. Nf3 {[%clk 1:30:57]} d5 {[%clk 1:30:22]} 2. d4 {[%clk 1:30:53]} Nf6
{[%clk 1:29:43]} 3. e3 {[%clk 1:30:51]} Bf5 {[%clk 1:28:49]} 4. c4
{[%clk 1:29:46]} c6 {[%clk 1:28:58]} 5. cxd5 {[%clk 1:29:02]} cxd5
{[%clk 1:29:13]} 6. Bb5+ {[%clk 1:29:04]} Nc6 {[%clk 1:27:30]} 7. O-O
{[%clk 1:26:54]} Nd7 {[%clk 1:21:34]} 8. Nc3 {[%clk 1:23:17]} e6 {[%clk 1:20:18]}
9. Bd2 {[%clk 1:16:54]} Rc8 {[%clk 1:16:56]} 10. Rc1 {[%clk 1:14:20]} Bd6
{[%clk 1:15:35]} 11. Qe2 {[%clk 1:10:56]} O-O {[%clk 1:13:59]} 12. e4
{[%clk 1:05:16]} Bg4 {[%clk 1:08:25]} 13. Be3 {[%clk 1:00:51]} dxe4
{[%clk 1:00:56]} 14. Nxe4 {[%clk 1:00:57]} Nf6 {[%clk 1:01:09]} 15. Bxc6
{[%clk 0:50:15]} bxc6 {[%clk 1:00:38]} 16. Nxd6 {[%clk 0:42:59]} Qxd6
{[%clk 1:00:59]} 17. h3 {[%clk 0:41:33]} Bh5 {[%clk 1:00:58]} 18. g4
{[%clk 0:39:38]} Bg6 {[%clk 1:00:38]} 19. Ne5 {[%clk 0:38:28]} Nd5
{[%clk 0:58:09]} 20. Qf3 {[%clk 0:26:23]} f5 {[%clk 0:51:48]} 21. Nxg6
{[%clk 0:19:06]} hxg6 {[%clk 0:52:03]} 22. Qe2 {[%clk 0:17:48]} Rf7
{[%clk 0:49:58]} 23. g5 {[%clk 0:13:53]} e5 {[%clk 0:46:17]} 24. dxe5
{[%clk 0:11:15]} Qxe5 {[%clk 0:46:37]} 25. Qd2 {[%clk 0:10:56]} f4
{[%clk 0:44:45]} 26. Bd4 {[%clk 0:11:01]} Qxg5+ {[%clk 0:43:30]} 27. Kh2
{[%clk 0:11:24]} Qf5 {[%clk 0:40:28]} 28. Rg1 {[%clk 0:10:19]} Rd7
{[%clk 0:37:05]} 29. Qe2 {[%clk 0:06:49]} f3 {[%clk 0:36:18]} 30. Qe5
{[%clk 0:04:41]} Nf4 {[%clk 0:35:42]} 31. Rg4 {[%clk 0:03:15]} Qxe5
{[%clk 0:35:55]} 32. Bxe5 {[%clk 0:03:43]} Nd3 {[%clk 0:36:15]} 0-1

[Event "open Liffré"]
[Site "EIG"]
[Date "2015.10.17"]
[Round "1.2"]
[White "Swayams, Mishra"]
[Black "Seite, Yamina"]
[Result "1-0"]
[LiveChessVersion "1.4.6"]
[BlackElo "1743"]
[WhiteElo "2444"]

1. d4 {[%clk 1:19:39]} d5 {[%clk 1:30:46]} 2. c4 {[%clk 1:20:03]} e6
{[%clk 1:31:09]} 3. Nc3 {[%clk 1:20:30]} Nf6 {[%clk 1:31:22]} 4. Nf3
{[%clk 1:20:53]} Be7 {[%clk 1:31:28]} 5. Bg5 {[%clk 1:21:18]} O-O
{[%clk 1:31:40]} 6. e3 {[%clk 1:21:45]} Nbd7 {[%clk 1:31:31]} 7. Rc1
{[%clk 1:22:13]} a6 {[%clk 1:30:29]} 8. a4 {[%clk 1:21:57]} Re8 {[%clk 1:25:40]}
9. Bd3 {[%clk 1:21:43]} dxc4 {[%clk 1:24:33]} 10. Bxc4 {[%clk 1:22:09]} c5
{[%clk 1:20:26]} 11. O-O {[%clk 1:22:32]} cxd4 {[%clk 1:11:58]} 12. exd4
{[%clk 1:22:32]} Nb6 {[%clk 1:09:46]} 13. Bd3 {[%clk 1:20:40]} Bd7
{[%clk 1:05:08]} 14. Ne5 {[%clk 1:19:43]} Nbd5 {[%clk 0:58:25]} 15. Nxd5
{[%clk 1:15:36]} Nxd5 {[%clk 0:58:34]} 16. Bxh7+ {[%clk 0:57:27]} Kf8
{[%clk 0:40:00]} 17. Qh5 {[%clk 0:57:04]} g6 {[%clk 0:38:04]} 18. Bh6#
{[%clk 0:57:27]} 1-0

[Event "open Liffré"]
[Site "EIG"]
[Date "2015.10.17"]
[Round "1.3"]
[White "Wuhrmann, Daniel"]
[Black "Stany, G.a."]
[Result "0-1"]
[WhiteElo "1734"]
[BlackElo "2385"]
[PlyCount "52"]
[SourceDate "2015.10.18"]

1. e4 c5 2. d4 cxd4 3. c3 dxc3 4. Nxc3 Nc6 5. Nf3 d6 6. Bc4 e6 7. O-O Nge7 8.
Bg5 a6 9. Rc1 h6 10. Be3 Ng6 11. Nd4 Be7 12. f4 O-O 13. Qh5 Nxd4 14. Bxd4 Bf6
15. Be3 Bd7 16. Bxe6 Bxe6 17. f5 Bc4 18. fxg6 fxg6 19. Qxg6 Bxf1 20. Rxf1 Bxc3
21. Qe6+ Kh7 22. Rxf8 Qxf8 23. bxc3 Qf6 24. Qc4 Re8 25. Qd3 Qe6 26. Bd4 Qxe4
0-1

[Event "open Liffré"]
[Site "EIG"]
[Date "2015.10.17"]
[Round "1.4"]
[White "Pucher, Sebastien"]
[Black "Ferrandi, Bernard"]
[Result "1-0"]
[LiveChessVersion "1.4.6"]
[BlackElo "1717"]
[WhiteElo "2326"]

1. e4 {[%clk 1:30:54]} e5 {[%clk 1:30:41]} 2. Bc4 {[%clk 1:30:55]} Nc6
{[%clk 1:29:48]} 3. Nc3 {[%clk 1:30:27]} Nge7 {[%clk 1:24:03]} 4. Nf3
{[%clk 1:24:53]} Ng6 {[%clk 1:22:20]} 5. d4 {[%clk 1:16:15]} Bb4 {[%clk 1:14:35]}
6. O-O {[%clk 1:11:58]} Bxc3 {[%clk 1:12:36]} 7. bxc3 {[%clk 1:11:51]} O-O
{[%clk 1:12:04]} 8. Ng5 {[%clk 1:06:19]} h6 {[%clk 1:09:29]} 9. Nxf7
{[%clk 1:04:25]} Rxf7 {[%clk 1:09:48]} 10. f4 {[%clk 1:04:04]} Na5
{[%clk 1:06:23]} 11. Bxf7+ {[%clk 1:03:17]} Kxf7 {[%clk 1:06:32]} 12. f5
{[%clk 1:00:55]} Nf4 {[%clk 1:03:03]} 13. dxe5 {[%clk 1:00:47]} Nxg2
{[%clk 1:00:36]} 14. e6+ {[%clk 0:50:04]} Kg8 {[%clk 1:00:29]} 15. f6
{[%clk 0:44:11]} Nc6 {[%clk 0:57:08]} 16. Qd5 {[%clk 0:35:05]} dxe6
{[%clk 0:55:06]} 17. f7+ {[%clk 0:35:09]} 1-0

[Event "open Liffré"]
[Site "EIG"]
[Date "2015.10.17"]
[Round "1.5"]
[White "Gipouloux, Laurent"]
[Black "Ibrahim, Hatim"]
[Result "0-1"]
[LiveChessVersion "1.4.6"]
[BlackElo "2311"]
[WhiteElo "1708"]

1. e4 {[%clk 1:30:54]} c5 {[%clk 1:30:54]} 2. b3 {[%clk 1:31:19]} Nc6
{[%clk 1:31:00]} 3. Bb2 {[%clk 1:31:40]} e6 {[%clk 1:30:01]} 4. Nf3
{[%clk 1:31:37]} a6 {[%clk 1:28:17]} 5. d3 {[%clk 1:29:42]} d5 {[%clk 1:26:59]}
6. Nbd2 {[%clk 1:28:25]} Nf6 {[%clk 1:26:56]} 7. Be2 {[%clk 1:24:58]} Be7
{[%clk 1:27:09]} 8. O-O {[%clk 1:24:57]} O-O {[%clk 1:27:34]} 9. Re1
{[%clk 1:16:51]} b5 {[%clk 1:25:22]} 10. a4 {[%clk 1:13:11]} Bb7 {[%clk 1:24:02]}
11. axb5 {[%clk 1:12:37]} axb5 {[%clk 1:24:30]} 12. Rxa8 {[%clk 1:12:57]} Qxa8
{[%clk 1:23:33]} 13. Qa1 {[%clk 1:12:15]} Nb4 {[%clk 1:15:43]} 14. e5
{[%clk 1:04:56]} Nd7 {[%clk 1:12:24]} 15. c3 {[%clk 0:50:21]} Na2
{[%clk 1:01:54]} 16. d4 {[%clk 0:40:02]} b4 {[%clk 1:01:33]} 17. Bb5
{[%clk 0:35:26]} Nb6 {[%clk 0:59:18]} 18. c4 {[%clk 0:30:38]} Qa5
{[%clk 0:48:49]} 19. dxc5 {[%clk 0:25:32]} Bxc5 {[%clk 0:49:06]} 20. Nd4
{[%clk 0:21:53]} Rc8 {[%clk 0:39:22]} 21. Re3 {[%clk 0:12:15]} Qa8
{[%clk 0:35:54]} 22. Rh3 {[%clk 0:10:50]} dxc4 {[%clk 0:33:37]} 23. Nxc4
{[%clk 0:07:20]} Nxc4 {[%clk 0:33:37]} 24. Qb1 {[%clk 0:06:25]} Be4
{[%clk 0:33:46]} 25. Bc6 {[%clk 0:05:56]} Bxb1 {[%clk 0:34:05]} 26. Bxa8
{[%clk 0:06:23]} Nxb2 {[%clk 0:34:18]} 0-1

[Event "open Liffré"]
[Site "EIG"]
[Date "2015.10.17"]
[Round "1.7"]
[White "Brault, Maxime"]
[Black "Guezennec, Franck"]
[Result "0-1"]
[WhiteElo "1703"]
[BlackElo "2259"]
[PlyCount "76"]
[EventDate "2015.??.??"]

1. e4 c5 2. Nc3 a6 3. g3 b5 4. d3 Bb7 5. Bg2 d6 6. f4 e5 7. Nf3 Nd7 8. O-O Ngf6
9. f5 Be7 10. h3 h5 11. Nh2 Qc7 12. Bd2 Nb6 13. g4 hxg4 14. hxg4 b4 15. Nb1
O-O-O 16. a3 d5 17. Qe1 dxe4 18. dxe4 Rxh2 19. Kxh2 Rh8+ 20. Kg1 Nxg4 21. Qe2
Nf6 22. Be1 Nh5 23. Qg4 Kb8 24. Bd2 Qd8 25. Be3 Nc4 26. Rd1 Qb6 27. Bc1 Nd6 28.
Re1 Nf6 29. Qg3 Ndxe4 30. Bxe4 Nxe4 31. Rxe4 Bxe4 32. Qxe5+ Qd6 33. Qxe4 Qd1+
34. Kf2 Rh2+ 35. Kg3 Bd6+ 36. Bf4 Qg1+ 37. Kf3 Qg2+ 38. Ke3 Qe2# 0-1

[Event "open Liffré"]
[Site "EIG"]
[Date "2015.10.17"]
[Round "1.8"]
[White "Adrian, Claude"]
[Black "Dodard, Herve"]
[Result "1-0"]
[WhiteElo "2208"]
[BlackElo "1641"]
[PlyCount "27"]
[EventDate "2015.??.??"]

1. c4 Nf6 2. Nc3 e6 3. e4 Nc6 4. d4 Bb4 5. e5 Ne4 6. Qc2 Nxc3 7. bxc3 Be7 8.
Nf3 d6 9. Bd3 dxe5 10. dxe5 b6 11. O-O Ba6 12. Rd1 Qc8 13. Qa4 Bb7 14. Be4 1-0

[Event "open Liffré"]
[Site "EIG"]
[Date "2015.10.17"]
[Round "1.9"]
[White "Pigeat, Typhaine"]
[Black "Le Marec, Simon"]
[Result "0-1"]
[WhiteElo "1635"]
[BlackElo "2152"]
[PlyCount "94"]
[EventDate "2015.??.??"]

1. e4 e6 2. Nf3 d5 3. exd5 exd5 4. d4 Bg4 5. Be2 Bd6 6. Ne5 Bxe2 7. Qxe2 Ne7 8.
Qb5+ Nbc6 9. Nxc6 bxc6 10. Qd3 O-O 11. O-O Ng6 12. f4 Qh4 13. g3 Qf6 14. Be3
Rab8 15. b3 Rfe8 16. Nd2 Ne7 17. Nf3 Qf5 18. Rad1 Qxd3 19. Rxd3 h5 20. Nh4 Kf8
21. f5 Ng8 22. Bg5 Re2 23. Re3 Rxe3 24. Bxe3 Nf6 25. Nf3 Re8 26. Bd2 c5 27. Kg2
Ng4 28. h3 Re2+ 29. Kg1 Nh2 30. Nxh2 Rxd2 31. Rf2 Rxd4 32. Nf3 Bxg3 33. Nxd4
Bxf2+ 34. Kxf2 cxd4 35. Ke2 Ke7 36. Kd3 Kf6 37. Kxd4 Kxf5 38. Kxd5 g5 39. Kc6
g4 40. hxg4+ hxg4 41. Kxc7 g3 42. c4 g2 43. c5 g1=Q 44. b4 Ke6 45. Kb7 Kd5 46.
a3 Qf1 47. a4 Qc4 0-1

[Event "open Liffré"]
[Site "EIG"]
[Date "2015.10.18"]
[Round "2.1"]
[White "Bailet, Pierre"]
[Black "Seite, Sullian"]
[Result "1-0"]
[WhiteElo "2515"]
[BlackElo "2010"]
[PlyCount "121"]
[SourceDate "2015.10.18"]

1. c4 c5 2. Nc3 Nc6 3. Nf3 g6 4. e3 Nf6 5. d4 cxd4 6. exd4 d5 7. cxd5 Nxd5 8.
Qb3 Nxc3 9. Bc4 Nd5 10. Bxd5 e6 11. Bxc6+ bxc6 12. O-O Bg7 13. Bg5 Qa5 14. Bd2
Qd8 15. Qa3 a5 16. Rac1 Qe7 17. Qxe7+ Kxe7 18. Rxc6 Rd8 19. Rfc1 Bd7 20. Rc7 a4
21. Ne5 Ke8 22. Nc4 Bb5 23. Nb6 Rab8 24. Nc8 Bf8 25. Na7 Rxd4 26. Nxb5 Rxb5 27.
Bc3 Rd7 28. Rc4 Rbd5 29. g3 a3 30. b4 Rd1+ 31. Rxd1 Rxd1+ 32. Kg2 Rc1 33. Rc8+
Kd7 34. Rxf8 Rxc3 35. Rxf7+ Kc6 36. Rf3 Rxf3 37. Kxf3 Kb5 38. Ke4 Kxb4 39. Kd3
e5 40. f3 g5 41. g4 h6 42. h3 Kc5 43. Kc3 Kd5 44. Kd3 Kc5 45. Ke4 Kc4 46. Kxe5
Kc3 47. Ke4 Kc4 48. f4 gxf4 49. h4 Kc3 50. g5 hxg5 51. h5 Kb2 52. h6 Kxa2 53.
h7 Kb1 54. h8=Q a2 55. Qb8+ Kc2 56. Qe5 Kb1 57. Qb5+ Kc2 58. Qc4+ Kb2 59. Qb4+
Kc2 60. Qa3 Kb1 61. Qb3+ 1-0

[Event "open Liffré"]
[Site "EIG"]
[Date "2015.10.18"]
[Round "2.2"]
[White "Cleran, Anthony"]
[Black "Swayams, Mishra"]
[Result "0-1"]
[LiveChessVersion "1.4.6"]
[BlackElo "2444"]
[WhiteElo "1959"]

1. e4 {[%clk 1:21:58]} e6 {[%clk 1:29:53]} 2. d4 {[%clk 1:21:24]} d5
{[%clk 1:30:18]} 3. e5 {[%clk 1:21:10]} c5 {[%clk 1:30:43]} 4. c3
{[%clk 1:21:22]} Qb6 {[%clk 1:31:11]} 5. a3 {[%clk 1:21:26]} Bd7 {[%clk 1:31:39]}
6. Nf3 {[%clk 1:20:37]} Bb5 {[%clk 1:32:02]} 7. Bd3 {[%clk 1:19:50]} Bxd3
{[%clk 1:22:46]} 8. Qxd3 {[%clk 1:20:12]} Nc6 {[%clk 1:23:08]} 9. b4
{[%clk 1:19:21]} c4 {[%clk 1:22:43]} 10. Qe2 {[%clk 1:17:03]} a5 {[%clk 1:23:02]}
11. Ra2 {[%clk 1:15:49]} Nge7 {[%clk 1:23:03]} 12. O-O {[%clk 1:15:35]} Nf5
{[%clk 1:21:26]} 13. g4 {[%clk 1:12:36]} Nfe7 {[%clk 1:21:37]} 14. Nh4
{[%clk 1:09:35]} h5 {[%clk 1:21:22]} 15. g5 {[%clk 1:06:03]} Ng6 {[%clk 1:21:37]}
16. Nxg6 {[%clk 0:58:43]} fxg6 {[%clk 1:22:02]} 17. Qc2 Ne7 {[%clk 1:14:10]} 18.
Qa4+ {[%clk 0:57:00]} Qc6 {[%clk 1:13:02]} 19. Qxc6+ {[%clk 0:56:27]} bxc6
{[%clk 1:09:33]} 20. bxa5 {[%clk 0:49:51]} Rxa5 {[%clk 1:01:07]} 21. Nd2
{[%clk 0:37:03]} Nc8 {[%clk 0:57:20]} 22. Nf3 {[%clk 0:32:15]} Be7
{[%clk 0:55:33]} 23. Bd2 {[%clk 0:29:21]} Kf7 {[%clk 0:41:41]} 24. Rb1
{[%clk 0:29:24]} Na7 {[%clk 0:37:53]} 25. Rb7 {[%clk 0:27:34]} Ra8
{[%clk 0:35:46]} 26. Nh4 {[%clk 0:23:25]} Rb5 {[%clk 0:23:50]} 27. Rc7
{[%clk 0:20:17]} Rb1+ {[%clk 0:21:13]} 28. Kg2 {[%clk 0:20:44]} Nb5
{[%clk 0:21:28]} 29. Rxc6 {[%clk 0:09:20]} Rxa3 {[%clk 0:21:38]} 30. Rxa3
{[%clk 0:09:41]} Nxa3 {[%clk 0:22:05]} 31. Rc7 {[%clk 0:00:36]} Nb5
{[%clk 0:22:22]} 32. Rb7 {[%clk 0:00:32]} Nxc3 {[%clk 0:22:38]} 33. Rxb1
{[%clk 0:00:32]} Nxb1 {[%clk 0:23:01]} 34. Bc1 {[%clk 0:01:00]} Nc3
{[%clk 0:20:47]} 35. Kf1 {[%clk 0:00:42]} Na2 {[%clk 0:21:08]} 36. Be3
{[%clk 0:00:48]} c3 {[%clk 0:21:35]} 37. Ke1 {[%clk 0:01:13]} c2 {[%clk 0:21:58]}
0-1

[Event "open Liffré"]
[Site "EIG"]
[Date "2015.10.18"]
[Round "2.3"]
[White "Stany, G.a."]
[Black "Sauvaget, Franck"]
[Result "1-0"]
[LiveChessVersion "1.4.6"]
[BlackElo "1984"]
[WhiteElo "2385"]

1. e4 {[%clk 1:29:31]} c6 {[%clk 1:30:43]} 2. d4 {[%clk 1:28:50]} d5
{[%clk 1:31:02]} 3. e5 {[%clk 1:29:07]} Bf5 {[%clk 1:31:14]} 4. Nf3
{[%clk 1:29:14]} e6 {[%clk 1:31:36]} 5. Be2 {[%clk 1:29:40]} Nd7 {[%clk 1:31:29]}
6. O-O {[%clk 1:29:10]} Bg6 {[%clk 1:31:07]} 7. a4 {[%clk 1:29:32]} Nh6
{[%clk 1:26:09]} 8. a5 {[%clk 1:29:45]} a6 {[%clk 1:23:40]} 9. Nbd2
{[%clk 1:29:39]} Be7 {[%clk 1:23:30]} 10. c4 {[%clk 1:22:46]} O-O
{[%clk 1:20:44]} 11. Nb3 {[%clk 1:22:53]} Nf5 {[%clk 1:15:32]} 12. cxd5
{[%clk 1:20:12]} cxd5 {[%clk 1:12:52]} 13. Bd3 {[%clk 1:17:08]} Rc8
{[%clk 1:01:48]} 14. g4 {[%clk 1:08:46]} Nh6 {[%clk 1:00:56]} 15. h3
{[%clk 1:08:43]} Kh8 {[%clk 0:53:56]} 16. Be3 {[%clk 1:06:30]} Ng8
{[%clk 0:50:00]} 17. Ne1 {[%clk 1:06:03]} f6 {[%clk 0:46:36]} 18. f4
{[%clk 1:05:43]} fxe5 {[%clk 0:42:52]} 19. dxe5 {[%clk 1:04:55]} Qe8
{[%clk 0:29:29]} 20. Nf3 {[%clk 1:01:13]} Bxd3 {[%clk 0:28:40]} 21. Qxd3
{[%clk 1:01:41]} Rc4 {[%clk 0:28:47]} 22. Rac1 {[%clk 0:52:11]} Rxc1
{[%clk 0:25:42]} 23. Bxc1 {[%clk 0:51:57]} Nc5 {[%clk 0:24:55]} 24. Nxc5
{[%clk 0:51:58]} Bxc5+ {[%clk 0:25:19]} 25. Kg2 {[%clk 0:52:25]} h6
{[%clk 0:20:01]} 26. Bd2 {[%clk 0:51:28]} Ne7 {[%clk 0:18:50]} 27. Rc1
{[%clk 0:51:17]} Ba7 {[%clk 0:18:31]} 28. Rc7 {[%clk 0:51:35]} Bb8
{[%clk 0:17:28]} 29. Rxb7 {[%clk 0:51:52]} Ng6 {[%clk 0:15:24]} 30. Kg3
{[%clk 0:48:14]} Qc8 {[%clk 0:10:39]} 31. Qxa6 {[%clk 0:40:20]} Qc2
{[%clk 0:08:08]} 32. Qxe6 {[%clk 0:39:26]} Bxe5 {[%clk 0:05:01]} 33. Nxe5
{[%clk 0:38:11]} Nxe5 {[%clk 0:03:42]} 34. Qxe5 {[%clk 0:38:29]} 1-0

[Event "open Liffré"]
[Site "EIG"]
[Date "2015.10.18"]
[Round "2.4"]
[White "Kerriou, Gilles"]
[Black "Pucher, Sebastien"]
[Result "1/2-1/2"]
[LiveChessVersion "1.4.6"]
[BlackElo "2326"]
[WhiteElo "1929"]

1. e4 {[%clk 1:30:52]} Nf6 {[%clk 1:30:28]} 2. e5 {[%clk 1:28:02]} Nd5
{[%clk 1:30:51]} 3. d4 {[%clk 1:28:14]} d6 {[%clk 1:31:12]} 4. Nf3
{[%clk 1:27:07]} g6 {[%clk 1:31:11]} 5. Bc4 {[%clk 1:26:08]} Nb6 {[%clk 1:31:27]}
6. Bb3 {[%clk 1:26:20]} Bg7 {[%clk 1:31:46]} 7. Qe2 {[%clk 1:22:52]} O-O
{[%clk 1:31:06]} 8. exd6 {[%clk 1:16:27]} cxd6 {[%clk 1:29:06]} 9. O-O
{[%clk 1:16:33]} Nc6 {[%clk 1:21:52]} 10. c3 {[%clk 1:08:44]} h6 {[%clk 1:07:59]}
11. Nbd2 {[%clk 0:56:14]} Kh7 {[%clk 0:56:23]} 12. Re1 {[%clk 0:52:31]} e5
{[%clk 0:45:44]} 13. dxe5 {[%clk 0:48:12]} dxe5 {[%clk 0:46:05]} 14. Nf1
{[%clk 0:39:22]} f5 {[%clk 0:32:56]} 15. Be3 {[%clk 0:32:28]} e4 {[%clk 0:30:17]}
16. N3d2 {[%clk 0:31:56]} Nd5 {[%clk 0:28:45]} 17. Bc5 {[%clk 0:31:47]} Re8
{[%clk 0:25:37]} 18. Rad1 {[%clk 0:31:04]} Nf4 {[%clk 0:23:17]} 19. Qe3
{[%clk 0:27:46]} Nxg2 {[%clk 0:06:08]} 20. Kxg2 {[%clk 0:24:46]} Qf6
{[%clk 0:04:09]} 21. Qf4 {[%clk 0:18:34]} Ne5 {[%clk 0:03:15]} 22. Nc4
{[%clk 0:16:18]} Nd3 {[%clk 0:01:08]} 23. Rxd3 {[%clk 0:15:38]} exd3
{[%clk 0:01:36]} 24. Rxe8 {[%clk 0:15:46]} Qc6+ {[%clk 0:02:00]} 25. Kg1
{[%clk 0:15:06]} Qxe8 {[%clk 0:02:27]} 26. Qc7 {[%clk 0:10:08]} Qd7
{[%clk 0:00:47]} 27. Bd6 {[%clk 0:04:23]} Qxc7 {[%clk 0:00:53]} 28. Bxc7
{[%clk 0:04:46]} Be6 {[%clk 0:01:00]} 29. Nfd2 {[%clk 0:02:52]} Rc8
{[%clk 0:00:37]} 30. Be5 {[%clk 0:02:27]} Rd8 {[%clk 0:01:00]} 31. Bxg7
{[%clk 0:02:18]} Kxg7 {[%clk 0:01:28]} 32. f3 {[%clk 0:02:29]} Bd5
{[%clk 0:01:24]} 33. Kf2 {[%clk 0:02:05]} Re8 {[%clk 0:01:39]} 34. Bd1
{[%clk 0:01:51]} Re6 {[%clk 0:00:39]} 35. b3 {[%clk 0:02:11]} f4 {[%clk 0:00:36]}
36. Nb2 {[%clk 0:02:31]} Re3 {[%clk 0:00:35]} 37. c4 {[%clk 0:02:08]} Bc6
{[%clk 0:00:36]} 38. Nf1 1/2-1/2

[Event "open Liffré"]
[Site "EIG"]
[Date "2015.10.18"]
[Round "2.5"]
[White "Ibrahim, Hatim"]
[Black "Yche, Michel"]
[Result "1/2-1/2"]
[WhiteElo "2311"]
[BlackElo "1915"]
[PlyCount "84"]
[SourceDate "2015.10.18"]

1. Nf3 Nf6 2. g3 d6 3. d4 g6 4. Bg2 Bg7 5. O-O O-O 6. c4 Nbd7 7. Nc3 c6 8. e4
e5 9. h3 a5 10. Be3 h6 11. Qc2 Re8 12. Rad1 Qe7 13. Rfe1 Nf8 14. dxe5 dxe5 15.
Na4 N6d7 16. c5 Ne6 17. Rd2 Bf8 18. Rc1 Kh7 19. Nh4 Qf6 20. Rcd1 Rd8 21. Nf3
Be7 22. Nh2 Qh8 23. h4 Qf8 24. Bh3 Nf6 25. Rxd8 Bxd8 26. Kg2 Bc7 27. Nf3 Ng7
28. Nb6 Bxh3+ 29. Kxh3 Rd8 30. Rxd8 Qxd8 31. Nd2 Ne6 32. Ndc4 Nd4 33. Qd3 Qe7
34. Bxd4 exd4 35. Qxd4 Nxe4 36. Nd7 Nxf2+ 37. Kh2 Ne4 38. Kg2 Bd8 39. Nce5 Nf6
40. Qd6 Nxd7 41. Nxd7 Qe2+ 42. Kh3 Qf2 1/2-1/2

[Event "open Liffré"]
[Site "EIG"]
[Date "2015.10.18"]
[Round "2.6"]
[White "Marie, Xavier"]
[Black "Alanic, Mickael"]
[Result "0-1"]
[LiveChessVersion "1.4.6"]
[BlackElo "2271"]
[WhiteElo "1841"]

1. d4 Nf6 2. c4 g6 3. Nc3 Bg7 4. e4 d6 5. Nf3 O-O 6. Be2 e5 7. Be3 Nc6 8. d5
Ne7 9. Nd2 Nd7 10. b4 f5 11. f3 f4 12. Bf2 g5 13. c5 Ng6 14. Nc4 Rf6 15. cxd6
cxd6 16. Nb5 Nb6 17. Nxa7 Nxc4 18. Bxc4 Rxa7 19. Bxa7 b6 20. Bb8 Bd7 21. Bxd6
Rxd6 22. O-O Bf8 23. Kh1 b5 24. Bb3 Kg7 25. Qd2 Ra6 26. a3 Bd6 27. Rfb1 h5 28.
h3 g4 29. fxg4 hxg4 30. Qd3 Qh4 31. Kh2 f3 32. gxf3 Qf2+ 33. Kh1 g3 34. Qc2 g2+
0-1

[Event "open Liffré"]
[Site "EIG"]
[Date "2015.10.18"]
[Round "2.7"]
[White "Guezennec, Franck"]
[Black "Pigeat, Benoit"]
[Result "1-0"]
[WhiteElo "2259"]
[BlackElo "1809"]
[PlyCount "85"]
[EventDate "2015.??.??"]

1. e4 e6 2. d4 d5 3. Nc3 Bb4 4. e5 c5 5. Bd2 cxd4 6. Nb5 Bxd2+ 7. Qxd2 Nc6 8.
Nf3 a6 9. Nbxd4 Nge7 10. c3 Bd7 11. Bd3 Qc7 12. Nxc6 Bxc6 13. O-O Ng6 14. Rfe1
O-O 15. h4 Rfd8 16. h5 Nf8 17. Nd4 Qe7 18. Re3 g6 19. Rg3 Be8 20. Qh6 Rac8 21.
f4 f5 22. exf6 Qxf6 23. hxg6 hxg6 24. Re1 Rd6 25. Re5 Rc7 26. Qg5 Qg7 27. Qg4
Re7 28. Qe2 Nd7 29. Nf5 exf5 30. Rxe7 Bf7 31. Bxf5 Nf8 32. Rxb7 d4 33. Bc2 Qf6
34. f5 dxc3 35. bxc3 g5 36. Qe7 Nh7 37. Bb3 Qxe7 38. Rxe7 Rf6 39. Rxf7 Rxf7 40.
Rd3 Kg7 41. Bxf7 Kxf7 42. Rd7+ Kg8 43. Rd6 1-0

[Event "1er Open international de Liffré - Tourn"]
[Site "Liffré"]
[Date "2015.10.17"]
[Round "3.1"]
[White "Pigeat, Alexandre"]
[Black "Bailet, Pierre"]
[Result "1/2-1/2"]
[WhiteElo "2123"]
[BlackElo "2515"]
[PlyCount "69"]
[EventDate "2015.??.??"]

1. d4 Nf6 2. c4 g6 3. Nf3 Bg7 4. g3 O-O 5. Bg2 d6 6. O-O Nc6 7. Nc3 Bf5 8. d5
Na5 9. Nd2 c5 10. e4 Bd7 11. Qc2 a6 12. b3 b5 13. Bb2 Rb8 14. Rab1 e5 15. dxe6
Bxe6 16. cxb5 axb5 17. Rbd1 Nc6 18. Nf3 Qc7 19. Qe2 c4 20. Ba1 cxb3 21. Nxb5
Qa5 22. Nbd4 Nxd4 23. Nxd4 Qxa2 24. Qxa2 bxa2 25. Nxe6 fxe6 26. Rd2 Rb4 27. e5
Ng4 28. Bh3 Ra8 29. Bxg4 Rxg4 30. exd6 Rga4 31. d7 Rd8 32. Bxg7 Kxg7 33. Ra1
Kf6 34. Raxa2 Rxa2 35. Rxa2 1/2-1/2

[Event "1er Open international de Liffré - Tourn"]
[Site "Liffré"]
[Date "2015.10.18"]
[Round "3.2"]
[White "Swayams, Mishra"]
[Black "Guezennec, Franck"]
[Result "1-0"]
[WhiteElo "2444"]
[BlackElo "2259"]
[Annotator "Ruhlmann,Dominique"]
[PlyCount "75"]
[EventDate "2015.??.??"]
[TimeControl "6000+1310"]
[WhiteClock "0:14:54"]
[BlackClock "0:00:33"]

1. d4 Nf6 2. c4 g6 3. Nc3 Bg7 4. e4 d6 5. h3 O-O 6. Bg5 c5 7. d5 b5 8. cxb5 a6
9. a4 Qa5 10. Bd2 e6 11. Bc4 exd5 12. exd5 Qd8 13. Nge2 Nfd7 14. Bf4 Ne5 15.
Bb3 Re8 16. O-O Bb7 17. Qd2 Nbd7 18. Bg5 Qa5 19. f4 Qb4 20. fxe5 Qxb3 21. exd6
f6 22. Be3 Rad8 23. Nc1 Qb4 24. Nd3 Qh4 25. Nxc5 Nxc5 26. Bxc5 f5 27. bxa6 Bxa6
28. Rfe1 Qc4 29. Bb6 Rxe1+ 30. Qxe1 Rxd6 31. Qe8+ Bf8 32. a5 Kg7 33. Re1 Rf6
34. Kh1 Bd6 35. Qe3 f4 36. Qd4 f3 37. gxf3 Qc8 38. Re6 1-0

[Event "1er Open international de Liffré - Tourn"]
[Site "Liffré"]
[Date "2015.10.18"]
[Round "3.3"]
[White "Ramahef, Eric"]
[Black "Stany, G.a"]
[Result "0-1"]
[WhiteElo "2081"]
[BlackElo "2385"]
[PlyCount "89"]
[EventDate "2015.??.??"]

1. e4 e5 2. Nf3 Nc6 3. Bc4 Bc5 4. b4 Bxb4 5. c3 Bd6 6. O-O Nf6 7. Re1 O-O 8. d4
b6 9. Bg5 Bb7 10. Nbd2 Re8 11. h3 h6 12. Bxf6 Qxf6 13. Nf1 Na5 14. Bd3 exd4 15.
cxd4 Bb4 16. Re3 c5 17. d5 Bc3 18. Rc1 Bb2 19. Rc2 d6 20. Bb5 Re7 21. Ng3 g6
22. Qd2 Ba1 23. Re1 Kh7 24. Qc1 Be5 25. Nxe5 dxe5 26. Rc3 Rd8 27. Nf1 Bc8 28.
Rg3 Nb7 29. Ba6 Nd6 30. Bxc8 Rxc8 31. Qa3 Rec7 32. Nh2 Qe7 33. Qc1 h5 34. f4
Qf6 35. Rf3 Nb5 36. Rf2 Nd4 37. Qd1 c4 38. g4 c3 39. gxh5 c2 40. Qc1 gxh5 41.
Kh1 Rg8 42. Ref1 Qg6 43. Re1 Rc3 44. fxe5 Rxh3 45. Ref1 0-1

[Event "1er Open international de Liffré - Tourn"]
[Site "Liffré"]
[Date "2015.10.18"]
[Round "3.5"]
[White "Pucher, Sebastien"]
[Black "De Lagontrie, Jean"]
[Result "1-0"]
[WhiteElo "2326"]
[BlackElo "1761"]
[PlyCount "145"]
[EventDate "2015.??.??"]

1. d4 d5 2. Nf3 Nf6 3. e3 e6 4. Bd3 c5 5. b3 Bd6 6. Bb2 O-O 7. Nbd2 Nc6 8. a3
cxd4 9. exd4 Qc7 10. O-O e5 11. dxe5 Nxe5 12. Nxe5 Bxe5 13. Bxe5 Qxe5 14. Nf3
Qd6 15. h3 Rd8 16. Nd4 g6 17. Qd2 Kg7 18. Qb4 a6 19. Rfe1 Qxb4 20. axb4 Bd7 21.
g4 Re8 22. Rxe8 Rxe8 23. f3 g5 24. Kf2 h5 25. Ra5 hxg4 26. hxg4 Kf8 27. b5 axb5
28. Bxb5 Bxb5 29. Rxb5 Re7 30. Rc5 Rd7 31. Nf5 Ne8 32. Ke3 Nc7 33. Ra5 f6 34.
Ra7 Ne6 35. Ra8+ Nd8 36. Nd4 Kf7 37. Rc8 Ke7 38. Nf5+ Kf7 39. Nd4 Ke7 40. Nf5+
Kf7 41. c3 Ke6 42. b4 Nc6 43. Nd4+ Kd6 44. Nf5+ Ke6 45. Nd4+ Kd6 46. Nxc6 bxc6
47. Kd4 Re7 48. Rd8+ Kc7 49. Rf8 Re6 50. Kc5 Re3 51. Rf7+ Kd8 52. Kxc6 Rxc3+
53. Kd6 Ke8 54. Rxf6 d4 55. Ke5 d3 56. Rd6 Rb3 57. Kf5 Rxb4 58. Kxg5 Rb3 59.
Kf4 Kf7 60. Ke4 Rb4+ 61. Kxd3 Ra4 62. Ke3 Kg7 63. f4 Kf7 64. g5 Ra5 65. Ke4
Ra4+ 66. Ke5 Ra5+ 67. Rd5 Ra1 68. Kf5 Ra6 69. Rd7+ Kg8 70. g6 Rb6 71. Kg5 Rb1
72. f5 Rg1+ 73. Kf6 1-0